000 00296nam a22001337a 4500
008 181029b xxu||||| |||| 00| 0 eng d
020 _a0471819891
041 _aeng
080 _23rd
_a530
100 _a43
101 _aFIZ
245 _aFundamentals of Physics
_cHalliday,D
942 _2udc
_cBK
999 _c50953
_d50953